Towards Digital Transformation: Selected eGovernance initiatives 2019/ (Record no. 178537)
[ view plain ]
| 000 -LEADER | |
|---|---|
| fixed length control field | 00788nam a22002057a 4500 |
| 005 - DATE AND TIME OF LATEST TRANSACTION | |
| control field | 20210406111949.0 |
| 010 ## - LCCN (DPL NO) | |
| LC control number | ENG-129370 |
| 020 ## - INTERNATIONAL STANDARD BOOK NUMBER | |
| International Standard Book Number | 978-93-8935-487-4 |
| Terms of availability | 500.00 |
| 035 ## - SYSTEM CONTROL NUMBER | |
| System control number | EN-112902 |
| 037 ## - SOURCE OF ACQUISITION | |
| Source of stock number/acquisition | DBAD/PUB |
| 082 ## - DEWEY DECIMAL CLASSIFICATION NUMBER | |
| Classification number | 004.068 |
| 100 ## - MAIN ENTRY--PERSONAL NAME | |
| Personal name | Ramamohan, C. V. |
| 245 ## - TITLE STATEMENT | |
| Title | Towards Digital Transformation: Selected eGovernance initiatives 2019/ |
| Statement of responsibility, etc | C. V. Ramamohan, Sridevi Ayaluri and N. V. Subrahmanym |
| 260 ## - PUBLICATION, DISTRIBUTION, ETC. (IMPRINT) | |
| Name of publisher, distributor, etc | BS Publications |
| Place of publication, distribution, etc | Hyderabad |
| Date of publication, distribution, etc | 2020 |
| 270 ## - ADDRESS | |
| Address | 4-4-309/316, Giriraj Lane, Sultan Bazar |
| City | Hyderabad |
| Postal code | 500095 |
| Electronic mail address | info@bspbooks.net |
| Telephone number | 040-23445688/600 |
| Fax number | 91-40-23445611 |
| 300 ## - PHYSICAL DESCRIPTION | |
| Extent | xxiii+403p. |
| Dimensions | 24cm(pbk) |
| Other physical details | including tables and illustrations. |
| 700 ## - ADDED ENTRY--PERSONAL NAME | |
| Personal name | Ayaluri, Sridevi |
| 700 ## - ADDED ENTRY--PERSONAL NAME | |
| Personal name | N. V. Subrahmanym |
| 942 ## - ADDED ENTRY ELEMENTS (KOHA) | |
| Source of classification or shelving scheme | Dewey Decimal Classification |
| Item type | English Books |
| Classification part | 004.068 |
| Call number suffix | RAM |
| Withdrawn status | Lost status | Not for loan | Home library | Current library | Date acquired | Source of acquisition | Cost, normal purchase price | Full call number | Barcode | Copy number | Cost, replacement price | Koha item type |
|---|---|---|---|---|---|---|---|---|---|---|---|---|
| Central Library | Central Library | 06/04/2021 | DBAD/PUB | 500.00 | 004.068 RAM | EN-112902 | 1 | 500.00 | English Books |
